000 00578nam a2200229Ia 4500
003 OSt
005 20220923230458.0
006 a|||||r|||| 00| 0
007 ta
008 Pun
024 _a282,426
037 _cTextual
040 _aARTS
_cARTS
_bPun
041 _2Pun
_aPun
082 _aO153,3NAJx, M1
100 _aਅਜੀਤ ਕੌਰ
245 0 _aਸਾਵੀਆਂ ਚਿੜੀਆਂ
260 _c1981
650 _aਪੰਜਾਬੀ ਸਾਹਿਤ
942 _hO153,3NAJx, M1
_cTEXL
_2CC
999 _c385139
_d385139